Moderné formy financovania využívané pri obnove majetku podniku bakalárska práca

Saved in:
Bibliographic Details
Main Author: Vašeková, Soňa
Corporate Author: Fakulta podnikového manažmentu EU. Katedra podnikovohospodárska
Other Authors: Križan, Martin
Format: Book
Language:Slovak
Published: Bratislava 2017
Tags: Add Tag
No Tags, Be the first to tag this record!

MARC

LEADER 00000nbm a2200000 4500
001 0232601
005 20171024103551.6
041 0 |a slo 
044 |a SK 
245 1 0 |a Moderné formy financovania využívané pri obnove majetku podniku  |b bakalárska práca  |c Soňa Vašeková ; školiteľ: Martin Križan 
264 1 |a Bratislava  |c 2017 
300 |a 57 s. 
100 1 |a Vašeková, Soňa 
700 1 |a Križan, Martin 
710 2 |a Fakulta podnikového manažmentu EU. Katedra podnikovohospodárska